000 00310nam a22001337a 4500
003 SGT
082 _a612.015
_bT11H
100 _aHEGDE, PRAKASH
245 _aA TEXT BOOK OF DRAVYAGUNA VIJNANA
260 _aVARANASI
_bCHAUKHAMBHA PUB
_c2011
300 _a631
650 _aDRAVYAGUNA VIJNANA
942 _2ddc
_cBK
_07
999 _c8592
_d8592